[Event "Buenos Aires"]
[Site "Buenos Aires"]
[Date "1980.??.??"]
[Round "?"]
[White "Giardelli, Sergio Carlos"]
[Black "Hort, Vlastimil"]
[Result "0-1"]
[WhiteElo "2300"]
[BlackElo "2595"]
[Annotator "Chekhov,V"]
[PlyCount "44"]
[EventDate "1980.10.15"]
[EventType "tourn"]
[EventRounds "13"]
[EventCountry "ARG"]
[EventCategory "13"]
[SourceTitle "MCL"]
[Source "ChessBase"]
[SourceDate "1999.07.01"]
[SourceVersion "1"]
[SourceVersionDate "1999.07.01"]
[SourceQuality "1"]

1. Nf3 d5 2. g3 g6 3. Bg2 Bg7 4. O-O (4. d4 $5) 4... e5 $1 5. d3 Nc6 6. e4 Nge7
7. Nc3 d4 8. Ne2 (8. Nd5 Nxd5 9. exd5 Ne7 (9... Qxd5 10. Nxe5) 10. Re1 f6 11.
Qe2 Nxd5 (11... Qxd5 $5) 12. Nxd4 $13) 8... h6 9. c3 (9. Nh4 {Pf4/} g5) (9. Nd2
{Pf4/}) 9... dxc3 10. bxc3 g5 $5 11. Be3 (11. d4 $5 exd4 (11... g4 12. Nxe5
Nxe5 13. dxe5 Qxd1 14. Rxd1 Bxe5 15. Bf4) 12. Nfxd4 (12. cxd4 g4) 12... O-O 13.
Be3) 11... b6 12. Ne1 $2 (12. d4 $5 exd4 13. cxd4 Ba6 14. Re1 Bxe2 (14... O-O
15. Rc1) 15. Rxe2 g4 16. Nh4 Nxd4 17. Rd2 c5 18. Qxg4 $18) 12... Ng6 13. Qd2 $2
(13. d4 $5 exd4 14. cxd4 Ba6 15. Nc2 Bxe2 16. Qxe2 Nxd4 17. Nxd4 Bxd4 18. Rad1
c5 19. Bxd4 cxd4 20. Qb5+ Kf8 $140 21. Qb4+) 13... Qd7 14. f4 gxf4 15. gxf4 Ba6
16. Bf2 $6 (16. f5 Nh4 17. Bh1 O-O-O 18. Bf2 Bf6) (16. Rf2 $5 O-O-O 17. fxe5
Ngxe5 18. d4 Nc4 19. Qd3) 16... exf4 17. Rc1 (17. Nxf4 Nxf4 18. Qxf4 Bxc3 19.
Rc1 Be5) 17... Nce5 $19 18. Nxf4 (18. d4 Nc4 19. Qc2 O-O-O 20. Nd3 Qg4) 18...
Nc4 19. Qc2 Nxf4 20. dxc4 Bxc4 21. Rd1 Qe6 22. Bg3 Ne2+ (22... Ne2+ 23. Kh1
Nxg3+ 24. hxg3 Bxf1 $19) 0-1

[Event "Montreal International"]
[Site "Montreal"]
[Date "1979.04.25"]
[Round "11"]
[White "Larsen, Bent"]
[Black "Huebner, Robert"]
[Result "1/2-1/2"]
[WhiteElo "2620"]
[BlackElo "2595"]
[Annotator "ChessBase"]
[PlyCount "85"]
[EventDate "1979.04.11"]
[EventType "tourn"]
[EventRounds "18"]
[EventCountry "CAN"]
[EventCategory "15"]
[SourceTitle "MCL"]
[Source "ChessBase"]
[SourceDate "1999.07.01"]
[SourceVersion "1"]
[SourceVersionDate "1999.07.01"]
[SourceQuality "1"]

1. g3 d5 2. Bg2 Nf6 3. Nf3 c6 4. d3 Bg4 5. Nbd2 Nbd7 6. h3 Bh5 (6... Bxf3 $5)
7. e4 e5 8. exd5 $5 cxd5 9. g4 Bg6 10. Nh4 h6 $1 (10... Bc5 11. g5 (11. Nb3 $5)
11... Nh5 12. Bxd5 Bxf2+ (12... O-O 13. Nxg6 hxg6 14. Ne4 $14) 13. Kxf2 Qb6+
14. Kf1 (14. Kg2 Nf4+) 14... Ng3+ 15. Kg2 Nxh1 16. Kxh1 $16) 11. Nxg6 fxg6 12.
O-O Bc5 13. d4 (13. c4 $5) 13... Bxd4 14. Nb3 Qb6 (14... Bb6 15. Bxd5 Nxd5 16.
Qxd5 $16) 15. c3 Bc5 16. Bxd5 Nxd5 17. Qxd5 O-O-O 18. Nxc5 Nxc5 19. Qc4 (19.
Qxe5 Nd3 20. Qxg7 (20. Qe3 Qc6 $44) 20... Nxf2 21. Rxf2 Rhf8 22. Be3 Qxe3 23.
Raf1 Qg3+ 24. Rg2 Rxf1+ 25. Kxf1 Rd1+ 26. Ke2 Qd3+ 27. Kf2 Rf1#) 19... Qc7 20.
Be3 Nd3 21. Qxc7+ (21. Qe4 $5) 21... Kxc7 22. b3 g5 23. Rad1 Rhf8 24. f3 Nf4
25. Bxf4 gxf4 26. Kf2 b5 27. h4 Rd6 28. Rfe1 g5 29. Rh1 Rxd1 30. Rxd1 Kc6 31.
hxg5 hxg5 32. c4 bxc4 33. bxc4 Rh8 34. Rd5 Rh2+ 35. Ke1 Rxa2 36. Rxe5 Ra1+ 37.
Ke2 Ra2+ 38. Kd3 Ra3+ 39. Kd4 Rxf3 40. Rxg5 Rg3 41. Rg8 a5 42. g5 a4 43. Ra8
1/2-1/2

[Event "PAL/CSS Freestyle fin 4th"]
[Site "Playchess.com INT"]
[Date "2006.10.20"]
[Round "1"]
[White "Icy45"]
[Black "Flying Saucers"]
[Result "1/2-1/2"]
[WhiteElo "2536"]
[BlackElo "2422"]
[Annotator "Dagh,Nielsen"]
[PlyCount "123"]
[EventDate "2006.10.20"]
[EventType "tourn"]
[EventRounds "9"]
[EventCountry "GER"]
[EventCategory "10"]
[SourceTitle "EXT 2008"]
[Source "ChessBase"]
[SourceDate "2007.11.25"]
[SourceVersion "1"]
[SourceVersionDate "2007.11.25"]
[SourceQuality "1"]

{My opponent was Auno Siikaluoma from Finland. I knew in advance that he is
currently very active in correspondence chess, and that he would probably play
some "irregular" Nf3 opening, against which it would be difficult to prepare
something concrete. I think the game can best be characterised as a nervous
affair, where first white and later black had huge winning chances, but it was
eventually a fair draw.} 1. Nf3 {[%emt 0:00:04]} d5 {[%emt 0:00:07]} 2. g3 {
[%emt 0:00:11]} Nf6 {[%emt 0:00:37]} 3. Bg2 {[%emt 0:00:08]} c6 {[%emt 0:00:45]
} 4. O-O {In my preparation, I had looked a bit on both Bf5 and Bg4, and
decided that I would be better able to decide the further course of the game
if and when that position actually arose on the board. [%emt 0:00:11]} Bg4 {
[%emt 0:02:40]} 5. d3 {[%emt 0:00:14]} Nbd7 {[%emt 0:00:43]} 6. Qe1 {More
commo n is 6.Nbd2. Since my opponent played a tempo, while I was in unknown
waters, I of course felt a little uneasy. [%emt 0:00:09]} e5 {[%emt 0:01:34]}
7. h3 {[%emt 0:00:10]} Bh5 {[%emt 0:00:41]} 8. e4 {[%emt 0:00:11]} dxe4 {
[%emt 0:00:13]} 9. dxe4 {[%emt 0:00:10]} Bc5 {[%emt 0:02:13]} 10. b4 {[%emt 0:
00:14]} Be7 {[%emt 0:10:34]} (10... Bd6 11. Nh4 a5 $146 (11... O-O 12. Nf5 Bc7
{and Rybka likes} 13. Nc3) 12. Nf5 Bxb4 13. Nxg7+ Kf8 14. c3 Kxg7 15. cxb4 Bg6
{was "too unclear" for my taste.}) (10... Bb6 {and I felt that white would get
too easy initiative after either of the indicated moves.} 11. Na3 $146 (11.
Nbd2 $146)) 11. Bb2 $146 {[%emt 0:02:04]} (11. Nh4 O-O $5 $146 (11... Bg6))
11... a5 {[%emt 0:04:41]} (11... Qb6 12. Nxe5 {I did not like giving up the e5
center pawn and opening up the b-file for white at the same time.}) 12. bxa5 {
This turned out to be a critical moment. 12. bxa5 came as a complete surprise
for me, and usually, one should follow the sensible advice of being very
careful in such a situation. Secondly, I have tried to build up the habit of
always considering the various alternatives if the time allows it. Sometimes
one is a little tempted to just follow the immediate engine suggestion. I
replied too fast and can best explain it by "first game nerves" and the fact
that I was already down on time in a game "on my opponent's territory". [%emt
0:01:40]} Qxa5 {[%emt 0:00:48]} (12... Bxf3 {was prudent, when after} 13. Bxf3
Qxa5 14. a4 Bb4 15. c3 Be7 16. Nd2 O-O 17. Nc4 Qc7 {black should be OK.}) 13.
Qxa5 {[%emt 0:01:15]} Rxa5 {[%emt 0:00:04]} 14. Bc3 {[%emt 0:02:13]} Rc5 {
[%emt 0:00:47]} 15. Nfd2 {[%emt 0:01:47]} Nf8 {[%emt 0:00:41]} 16. Re1 $1 {
With the idea of Bf1-d3 and harassing black's misplaced rook on c5. I
discovered this idea also while my opponent was pondering the move. With the
back against the wall, I decided to try and take the time necessary to get my
act together instead of panicking and giving white an easy way forward. I
think I succeeded fairly well in finding perhaps the only way to achieve a
still playable position. [%emt 0:08:32]} Ne6 {[%emt 0:13:36]} 17. Bf1 {[%emt 0:
00:16]} Nd4 {[%emt 0:00:13]} (17... O-O 18. Bb4 Rd8 19. Kg2 {and black ends up
an exchange down for pretty much nothing.}) 18. Bd3 {[%emt 0:00:25]} Nd7 {
Over the next 10-15 moves or so, both white and black has to decide between
several different continuations giving white a certain endgame edge. [%emt 0:
00:14]} 19. Bxd4 {[%emt 0:01:59]} (19. Kg2 $5) 19... exd4 {[%emt 0:00:15]} 20.
Nb3 {[%emt 0:01:58]} Ne5 {[%emt 0:00:43]} 21. Kg2 {[%emt 0:00:48]} Nxd3 {
[%emt 0:00:10]} 22. cxd3 {[%emt 0:00:25]} Rc2 {[%emt 0:04:29]} (22... Rb5 23.
N1d2 Bb4 (23... Rb4 24. Nc4 Ra4 25. Nxd4 b5 26. Nf5 bxc4 27. Nxg7+ Kd7 28. Nxh5
) 24. a4 Rb6 25. g4 Bg6 26. a5 Ra6 {and there was too much harmony in white's
position for my taste.}) 23. Nxd4 {[%emt 0:01:37]} Rb2 {[%emt 0:00:16]} 24. g4
{[%emt 0:02:59]} Bg6 {[%emt 0:03:44]} (24... Bc5 $5 25. Ne2 Bg6) 25. Nc3 {
[%emt 0:00:33]} Kd7 {[%emt 0:00:12]} 26. Re2 {[%emt 0:01:49]} (26. Reb1 $5 Rxb1
27. Rxb1 b5 {and for example} 28. Nce2 Ra8 29. Rb2 f6 30. Rc2 Ra6 31. Nc1)
26... Rb4 {[%emt 0:03:31]} (26... Rxe2 27. Ncxe2 Ra8 28. a4) 27. Nc2 {[%emt 0:
01:59]} Rb2 {[%emt 0:00:15]} 28. f4 {[%emt 0:00:26]} f6 {[%emt 0:00:15]} 29.
Nd1 {[%emt 0:06:55]} (29. Ne3 $5 Rxe2+ 30. Nxe2 Ra8 {and for example} 31. a4 b5
32. a5 Ra6 33. Nf5 Bb4 34. Nxg7 Rxa5 35. Rxa5 Bxa5 36. Kf2 c5 37. Ke3 Bf7)
29... Rb6 {[%emt 0:00:09]} 30. Nce3 {[%emt 0:02:46]} Rd8 {[%emt 0:00:33]} 31.
Nf5 {[%emt 0:01:56]} Bf8 {[%emt 0:00:14]} 32. Nc3 {[%emt 0:01:37]} Rb4 {
[%emt 0:00:11]} 33. Rd1 {[%emt 0:01:01]} Kc7 {I think black has defended quite
well for the last 10 moves or so, and his pieces are now well placed to
neutralize white's advantage of an extra pawn. [%emt 0:00:24]} 34. Nh4 {
This move came as a complete surprise, and in hindsight I cannot agree with it.
While white may still not be objectively worse, the table seems to be turned
in a practical sense. [%emt 0:00:22]} (34. Rc2) 34... Rbd4 {[%emt 0:01:07]} 35.
Nxg6 {[%emt 0:00:10]} hxg6 {[%emt 0:00:03]} 36. Re3 {[%emt 0:00:08]} Bc5 {
[%emt 0:00:16]} 37. Kg3 {[%emt 0:01:01]} b5 {[%emt 0:00:43]} 38. g5 {[%emt 0:
00:11]} (38. h4) 38... R4d7 {[%emt 0:00:39]} 39. Rf3 {[%emt 0:00:21]} Ra8 {
[%emt 0:00:11]} 40. Rd2 {[%emt 0:00:15]} Kb6 {[%emt 0:02:16]} ({after} 40...
Bb4 41. d4 Ra3 42. Rc2 Bxc3 43. Rfxc3 Rxc3+ 44. Rxc3 Rxd4 {I did not believe
that black had any real winning chances.}) 41. Ne2 {[%emt 0:00:51]} Rda7 {
[%emt 0:00:10]} 42. Nc1 {[%emt 0:00:38]} (42. d4 Bb4 43. Nc3 Bxc3 (43... f5 44.
exf5 gxf5 45. h4 {and white is probably close to a draw.}) 44. Rxc3 Rxa2 45.
Rxa2 Rxa2 46. gxf6 gxf6 47. e5 fxe5 48. fxe5 Rd2 49. Kf3 Rxd4 50. e6 Kc7 51. e7
Kd7 52. Rxc6 {with a draw}) 42... Ba3 {[%emt 0:00:41]} 43. Rc2 {[%emt 0:00:10]}
(43. Ne2 Bb4 $17) 43... Bxc1 {[%emt 0:00:17]} 44. Rxc1 {[%emt 0:00:09]} f5 {
at some point over the next 10 moves, white crosses the line from a draw to a
loss. [%emt 0:00:25]} (44... Rxa2 45. f5 $11) 45. Re3 {[%emt 0:00:11]} (45.
exf5 {gives rise to some beautiful stalemate draw variations.} gxf5 46. d4 Ra3
(46... Rxa2 47. Rc5) 47. Rxa3 Rxa3+ 48. Kh4 g6 49. d5 (49. Re1 {looks OK for
white also.}) 49... c5 (49... cxd5 50. Rc6+ $1 Kxc6 {and stalemate!}) 50. Re1
c4 51. Re6+ Kc5 52. Rc6+ Kxd5 53. Rc5+ Ke4 54. Rxc4+ Kf3 55. Rc6 {and white is
close to a draw.}) 45... Rxa2 {[%emt 0:00:15]} 46. exf5 {[%emt 0:00:21]} (46.
e5) 46... gxf5 {[%emt 0:00:08]} 47. Re6 {[%emt 0:00:20]} (47. Re5) 47... Rc8 {
[%emt 0:01:16]} 48. h4 {[%emt 0:01:40]} Rd2 {[%emt 0:00:55]} 49. h5 {[%emt 0:
00:48]} Rxd3+ {[%emt 0:00:50]} 50. Kh4 {[%emt 0:00:08]} Rf3 {[%emt 0:00:05]}
51. h6 {[%emt 0:00:25]} (51. g6 $5 Rxf4+ 52. Kg5) 51... Rxf4+ {[%emt 0:00:05]}
52. Kh5 {[%emt 0:00:31]} gxh6 {[%emt 0:00:08]} 53. g6 {black has an obvious
potential winning plan in sacrificing a rook for the g-pawn and rolling down
with the b- and c-pawns. I was aware of this plan, but hoped that my engine
would find it on its own if it worked, even though I was not using TBs. With
only 6 mins left on the clock, I thought I could not really investigate
various candidate moves in depth at any point. As it is, the immediate b4 is
probably winning on both move 53 and 54. [%emt 0:00:16]} Rg4 {[%emt 0:00:30]} (
53... b4 {and for example} 54. g7 Rg4 55. Rg6 Rxg6 56. Kxg6 Kb5 57. Rf1 b3 58.
Rxf5+ c5 59. Rf2 Rg8 60. Kh7 Rxg7+ 61. Kxg7 c4 $19) 54. Kxh6 {[%emt 0:00:09]}
Rc7 {[%emt 0:00:39]} (54... b4) 55. Rf6 {[%emt 0:00:09]} b4 {But now it is too
late. [%emt 0:00:19]} 56. Rb1 {[%emt 0:00:09]} Kb5 {[%emt 0:00:51]} 57. Rf7 {
[%emt 0:00:37]} Rc8 {[%emt 0:00:05]} 58. Rb7+ {[%emt 0:00:40]} Ka4 {[%emt 0:00:
19]} (58... Kc5 59. g7 $11) 59. Ra7+ {[%emt 0:00:27]} Kb5 {[%emt 0:00:05]} 60.
Rb7+ {[%emt 0:00:11]} Ka4 {[%emt 0:00:03]} 61. Ra7+ {[%emt 0:00:26]} Kb5 {
[%emt 0:00:04]} 62. Rb7+ {(Lag: Av=0.21s, max=1.0s) [%emt 0:00:19]} 1/2-1/2

[Event "Biel"]
[Site "Biel"]
[Date "1986.08.01"]
[Round "11"]
[White "Hug, Werner"]
[Black "Polugaevsky, Lev"]
[Result "0-1"]
[WhiteElo "2455"]
[BlackElo "2575"]
[Annotator "Dolmatov,S"]
[PlyCount "86"]
[EventDate "1986.07.20"]
[EventType "tourn"]
[EventRounds "11"]
[EventCountry "SUI"]
[EventCategory "12"]
[SourceTitle "MCL"]
[Source "ChessBase"]
[SourceDate "1999.07.01"]
[SourceVersion "1"]
[SourceVersionDate "1999.07.01"]
[SourceQuality "1"]

1. Nf3 Nf6 2. g3 d5 3. Bg2 c6 4. O-O Bf5 5. d3 e6 6. Nc3 h6 7. Qe1 Be7 (7...
Bh7 8. e4 dxe4 9. dxe4 Bb4 10. Bd2 O-O 11. Rd1 Qc7 12. Nb5 cxb5 13. Bxb4 Rc8
$14 {Nei,I-Furman,S/URS/1963/}) 8. e4 Bh7 9. Qe2 O-O 10. Ne5 Nbd7 11. Nxd7 Qxd7
12. e5 Ne8 13. f4 f5 (13... c5 $5 14. Bd2 f5 15. exf6 Bxf6 16. Rae1 Nc7) 14. d4
c5 15. Be3 cxd4 16. Bxd4 a6 17. a4 Rc8 18. Qd3 (18. Qe3 $1) 18... Bg6 $6 (18...
g5 $5 $132) 19. Bf3 Nc7 20. Be2 Qe8 21. Qf3 Kh8 22. Kg2 (22. h3 $1 {/\Kh2,Bd3})
22... Na8 23. h3 Rc6 24. Bd3 (24. Qe3 Bh5 25. g4 Bg6 26. Bd3) 24... Nb6 25. Ne2
Nc4 (25... Nd7 $5 26. c3 Nc5 27. Bxc5 Bxc5 $14) 26. Rad1 Rc8 27. b3 Na5 28. Be3
$2 (28. g4 Nc6 29. c3 $14) 28... Nc6 29. Nd4 $2 (29. Qf2 Bh5 30. Rc1 Nb4 31.
Nd4 $10) 29... Bh5 $19 30. g4 fxg4 31. hxg4 Nxe5 32. Qg3 Nxg4 33. Bg1 Bb4 34.
c4 Nf6 35. Rc1 Ne4 36. Bxe4 dxe4 37. Be3 Rf6 38. Kh2 Rg6 39. Qf2 Bg4 40. Rg1
Bd6 41. Rg2 e5 42. fxe5 Qxe5+ 43. Kg1 Qh5 0-1

[Event "AUT-chT 9596"]
[Site "Austria"]
[Date "1996.??.??"]
[Round "?"]
[White "Postl, Anton"]
[Black "Donev, Ivo Hristov"]
[Result "0-1"]
[WhiteElo "2305"]
[BlackElo "2375"]
[Annotator "Donev,I"]
[PlyCount "50"]
[EventDate "1995.??.??"]
[EventType "team"]
[EventRounds "11"]
[EventCountry "AUT"]
[SourceTitle "CBM 052"]
[Source "ChessBase"]
[SourceDate "1996.06.01"]
[SourceVersion "1"]
[SourceVersionDate "1996.06.01"]
[SourceQuality "1"]

1. Nf3 d5 2. g3 c6 3. d3 Bg4 4. Nbd2 Nd7 5. Bg2 e6 6. O-O h5 7. c4 Be7 (7...
dxc4 8. dxc4 Qb6 $14) 8. cxd5 exd5 9. Nd4 (9. Qb3 Qb6 $14) 9... Bf6 10. N2f3 h4
11. Qe1 (11. h3 Bxf3 12. Nxf3 hxg3 13. fxg3 $10) 11... hxg3 12. hxg3 Qb6 13.
Nb3 (13. Be3 c5 14. Nb3 $13) 13... Ne7 (13... Bxf3 14. Bxf3 Ne7 $15) 14. Bd2 (
14. Be3 c5 15. d4 c4 $17) (14. e4 Bxf3 15. Bxf3 Ne5 16. Be2 dxe4 17. dxe4 Qd8
$15) 14... O-O $10 15. Bc3 Rfe8 16. Bxf6 Nxf6 17. Qd2 Nf5 18. Qf4 $2 $17 (18.
e3 $142 $15) 18... Rxe2 19. Nh2 (19. Ne5 Nh6 $19) 19... Nh6 20. Nxg4 Nhxg4 21.
Nd4 (21. Bf3 Rxf2 $19) 21... Rxb2 22. Nf5 g6 (22... Re8 $19) 23. Ne7+ (23. Ne3
Qb4 24. Qxb4 Rxb4 25. Nxg4 Nxg4 26. Rae1 Kf8 $19) 23... Kf8 24. Rae1 Qb4 25. d4
$2 $19 (25. Qxb4 $142 Rxb4 26. Re2 Re8 27. Rfe1 Rd4 $19) 25... Rxf2 $1 0-1

[Event "Bundesliga 9697"]
[Site "Germany"]
[Date "1996.??.??"]
[Round "?.5"]
[White "Tischbierek, Raj"]
[Black "Donev, Ivo Hristov"]
[Result "1-0"]
[WhiteElo "2500"]
[BlackElo "2400"]
[Annotator "Donev,I"]
[PlyCount "115"]
[EventDate "1996.10.12"]
[EventType "team-tourn"]
[EventRounds "15"]
[EventCountry "GER"]
[SourceTitle "GER-chT"]
[Source "ChessBase"]
[SourceDate "1999.07.01"]
[SourceVersion "1"]
[SourceVersionDate "1999.07.01"]
[SourceQuality "1"]
[WhiteTeam "Empor Berlin"]
[BlackTeam "Eppingen"]
[WhiteTeamCountry "GER"]
[BlackTeamCountry "GER"]

1. Nf3 d5 2. g3 Bg4 3. Bg2 Nd7 4. c4 e6 5. d4 c6 6. O-O Bd6 7. Qb3 Qb6 8. Nc3
Ngf6 (8... Qxb3 9. axb3 a6 10. e4 Ne7 (10... dxe4 11. Nxe4 Bc7 {/\Ngf6}) 11.
exd5 cxd5 (11... exd5 12. Re1 dxc4 13. bxc4 $16) 12. c5 Bc7 $14) 9. c5 $1 Qxb3
10. axb3 Bc7 11. b4 b5 (11... e5 $1 12. Nxe5 Nxe5 13. Bf4 Nfd7 14. dxe5 Bxe5
15. Bxe5 Nxe5 $11) (11... O-O 12. b5 e5 13. bxc6 bxc6 $14) 12. cxb6 (12. Ra6
Nb8 13. Ra2 a6 14. Bf4 Bxf4 15. gxf4 Bxf3 $1 16. Bxf3 Ra7 $13) 12... Bxb6 13.
Be3 O-O (13... Ke7 14. Na4) 14. Na4 Rfc8 15. Rfc1 Bd8 16. h3 Bxf3 17. exf3 $1
Rab8 $2 ({Laut Tischbierek könnte dieser Zug die schwarze Stellung retten.} 
17... a5 $1 18. bxa5 Rxa5 19. Bf1 $10) 18. Bd2 Be7 19. Bf1 Bxb4 20. Bf4 a5 21.
Bxb8 Nxb8 22. Nc5 Nfd7 23. Nd3 (23. Nb3 $1 $16) (23. Nxd7 $6 Nxd7 24. Bb5 Nb8
25. Rc2 e5 (25... Kf8 26. Rac1 $16) 26. dxe5 Kf8 27. Rac1 c5 $14) 23... Nb6 (
23... Be7 24. Rxa5 Bf6 $16) 24. Nxb4 axb4 25. Ra7 Kf8 26. Rb7 N8d7 (26... N6d7
27. Rxb4 Ke7 28. Rb7 Kd6 29. b4 $16) 27. Bb5 cxb5 28. Rxc8+ Nxc8 29. Rxd7 Ke8
30. Rc7 Nd6 31. Rc2 Kd7 32. Kf1 h5 33. Ke2 Nc4 34. b3 Na5 35. Rb2 Kc7 36. h4 g6
37. Ke3 Kd6 38. Rb1 e5 39. dxe5+ Kxe5 40. Kd3 Kd6 41. f4 Nb7 42. Rd1 Nc5+ 43.
Kc2 Ne4 44. Ra1 Nxf2 45. Ra6+ Ke7 (45... Kc5 46. f5 gxf5 47. Rh6 Ne4 48. Rxh5
Nxg3 49. Rg5 f4 50. h5 $18 {Der weiße Bauer ist nicht aufzuhalten.}) 46. Rb6
Ne4 47. Rxb5 Kd6 48. Rxb4 Nxg3 49. Rb6+ Ke7 (49... Kc5 50. Rf6 Nf5 51. Rxf7 (
51. Rxf5 $2 gxf5 52. Kd3 (52. Kc3 d4+ 53. Kd3 Kd5 (53... f6) 54. b4 f6 55. b5
Kc5 56. b6 Kxb6 57. Kxd4 Kc6 $10) 52... Kb4 53. Kd4 Kxb3 54. Kxd5 Kc3 55. Ke5
Kd3 56. Kxf5 Ke3 57. Kg5 Ke4 (57... f6+ 58. Kxf6 Kxf4 $10) 58. f5 Ke5 59. f6
Ke6 60. Kxh5 Kxf6 61. Kh6 Kf5 62. h5 Kg4 $10) 51... Nxh4 52. Kc3 $16) 50. b4
Ne2 (50... Nf5 51. b5 Nxh4 52. Rc6 $16) 51. Kd3 Nxf4+ 52. Kd4 f6 53. b5 g5 54.
Rc6 g4 55. b6 g3 56. Ke3 g2 57. Rc1 Nh3 58. b7 1-0